| 000 | 01021nam a22002897a 4500 | ||
|---|---|---|---|
| 001 | 7673 | ||
| 003 | FISKH | ||
| 005 | 20260304085535.0 | ||
| 008 | 250730b cb ||||| |||| 00| 0 eng d | ||
| 020 | _a9780545290111 | ||
| 040 |
_aFISKH _beng _cFISKH _dFISKH |
||
| 050 | _aPZ7.S415 B | ||
| 082 | _a813.54 | ||
| 100 | _aScott, Ann Herbert | ||
| 245 |
_aBrave as a mountain lion / _cBy Ann Herber Scott : Illustrated by Glo Coalson |
||
| 260 |
_aNew York : _bScholastic , _c1996. |
||
| 300 |
_a31 pages : _bcolor illustrations ; _c25 cm . |
||
| 505 | _aK | ||
| 520 | _aSpider is afraid to get up on stage in front of everybody in the school spelling bee, but after listening to his father's advice, decides that he too will try to be as brave as his Shoshoni ancestors. | ||
| 521 | 8 |
_a510
_bLexile estimate |
|
| 521 | 8 |
_aK
_bRaz-Plus |
|
| 650 |
_aShoshoni Indians _vFiction |
||
| 650 |
_aSpelling bees _vFiction |
||
| 700 |
_aCoalson, Glo _eIllustrator |
||
| 942 |
_2ddc _cBK _n0 |
||
| 999 |
_c7673 _d7673 |
||